000 00538nam a2200193Ia 4500
003 OSt
005 20221007082747.0
006 a|||||r|||| 00| 0
007 ta
008 221006b |||||||| |||| 00| 0 eng d
024 _a23,361
037 _cDissertations
040 _aFLL
_cFLL
_beng
041 _2eng
_aeng
100 _aSharma Bhoj Raj
_9566245
245 0 _aExpanding horizons of right to life and personal liberty under the constitution of India
942 _cDIS
_2CC
999 _c1167642
_d1167642